Quizzes
Events
Quiz Creation
Community
Videos
Private Events
Remove Ads
Sign In
Join for FREE
Feedback
Dark Mode
Quiz Categories
Sports
Geography
Music
Movies
Television
Just For Fun
Miscellaneous
History
Literature
Language
Science
Gaming
Entertainment
Religion
Holiday
For Kids
Quiz Lab
Recent
Popular Today
Quiz Kudos Today
Editor Picks
Curator Picks
Quizzes by...
Day
Popularity
Type
Ratings
Length
Year
Community
Subscriptions
Recent Discussions
Orange Saloon
Badges
Playlists
Quests
Create
Leaderboards
Showdown
Live 5
Trivia Bingo
Activity
Puzzle Library
Sporcle Events
Private Events
Virtual Trivia
Globe League
Become a Host
Pub Owners
SporcleCon
Opinionation
Our Games
Videos
Blog
Mobile Apps
Partnerships
Remove Ads and Go Orange
Feedback
Television
TV Characters
TV Show
Sitcom
Network
Friends
Reality Shows
Cast
South Park
Star Trek
The Simpsons
Doctor Who
Television
TV Characters
TV Show
Sitcom
Network
Friends
Reality Shows
Cast
South Park
Star Trek
The Simpsons
Doctor Who
Random Quiz
Search Sporcle
×
Quiz Lab
Quiz Lab
Television
Numbers
Type in answers that appear in a list
Type in answers that appear in a list
Classic
Best Score? Go Orange.
Characters of 24 - Multiple seasons Stats
Can you name the Multiple seasons characters of 24?
By
biaxidentt
7m
36 Questions
59 Plays
59 Plays
59 Plays
Comments
Comments
Give Quiz Kudos
Give Quiz Kudos
-
- Ratings
hide this ad
More Info
Replay
Link that replays current quiz
Next Quiz
Link to next quiz in quiz playlist
You Got
0%
They Got
Avg Score
49%
Avg Friend Score
Upgrade to see
Score Distribution
Jump to the score distribution portion of the page
Score
0/36
Timer
07:00
0
Plays Today
Number of seasons appeared
Character name
% Correct
8 seasons
Jack Bauer
100%
6 seasons
Kim Bauer
91.5%
6 seasons
Tony Almeida
89.8%
6 seasons
Chloe O'Brian
76.3%
4 seasons
Michelle Dessler
67.8%
3 seasons
Sherry Palmer
67.8%
5 seasons
President David Palmer
62.7%
3 seasons
Morris O'Brian
62.7%
4 seasons
Bill Buchanan
61%
3 seasons
President Wayne Palmer
61%
7 seasons
Agent Aaron Pierce
59.3%
4 seasons
President Charles Logan
57.6%
2 seasons
Martha Logan
57.6%
4 seasons
Mike Novick
55.9%
3 seasons
Audrey Raines
55.9%
2 seasons
George Mason
54.2%
2 seasons
President Allison Taylor
52.5%
3 seasons
Curtis Manning
50.8%
Number of seasons appeared
Character name
% Correct
3 seasons
Ryan Chappelle
50.8%
2 seasons
Agent Renee Walker
50.8%
2 seasons
Keith Palmer
50.8%
3 seasons
Nina Meyers
45.8%
2 seasons
Edgar Stiles
45.8%
3 seasons
James Heller
44.1%
2 seasons
Milo Pressman
44.1%
3 seasons
Mandy
39%
3 seasons
Ethan Kanin
32.2%
2 seasons
Kate Warner
28.8%
2 seasons
Karen Hayes
28.8%
2 seasons
Doctor Sunny Macer
25.4%
3 seasons
President Yuri Suvarov
18.6%
2 seasons
Tim Woods
18.6%
2 seasons
Agent Tom Baker
16.9%
3 seasons
Cheng Zhi
15.3%
2 seasons
President John Keeler
15.3%
2 seasons
Walt Cummings
15.3%
Quiz Playlist
Details
Report
Send in Message
Add To Playlist
More Info:
Can you name the characters of 24 who have appeared in more than one season? (not counting 24:Redemption) *last names acceptable
Classic:
Type in answers that appear in a list
Last Updated: Feb 16, 2017
Quiz Scoreboard
CHALLENGE
Sign Up to Join the Scoreboard
Show All
Scores
Hide
Comments
May contain spoilers
Recently Published
Movies - When Are They Set?
by FPL_Elf
Movies
5m
Popular People in 1961
by mucciniale
History
6m
1-10 Letter E Words III
by El_Dandy
Language
2m
More to Explore
Quiz From the Vault
Featured Blog Post
Where Did the Easter Bunny Come From?
hide this ad
You Might Also Like...
Tags
Numbers Quiz
Character
multiple
season
specific
Today's Top Quizzes in Television
Browse Television
hide this ad
Today's Top Quizzes in Numbers
Browse Numbers
Top Contributed Quizzes in Television
1
One Piece Logic Puzzle
2
Survivor Logic Puzzle: Heroes vs. Villains
3
Survivor Seasons
4
Survivor Season by Logo
5
Survivor Trivia
6
Survivor Logic Puzzle: Winners at War
7
Ultimate Survivor Logic Puzzle
8
Phoebe Buffay Quotes
9
One Thing in Common: Television
10
Who Wants to Be a Millionaire?
Explore More
Trending Topics
Marvel
Crossword
Disney
Anime
Kpop
Harry Potter
NBA
Pokémon
WWE
Soccer
The Office
NFL
Puzzle
Country
Song
hide this ad
More By:
biaxidentt
Quiz
Plays
Rating
Category
Featured
Created
Characters of 24 - Multiple seasons
59
Television
Oct 12, 2010
Go to Creator's Profile
Score Distribution
Quiz Creator Spotlight
biaxidentt
Follow
Send a Message
Quizzes Created
-
Created Quiz Play Count
-
More By This Creator
Popular Quizzes Today
1
Find the US States - No Outlines Minefield
2
Find the Countries of Europe - No Outlines Minefield
3
The Countries of the World
4
Popular People in 1961
5
1-10 Letter E Words III
6
US States
7
Find the US States
8
One Thing in Common: World Cities II
More Television Quizzes
Breaking Bad: Progressively Harder
Quiz Lab
Trending Quizzes
Risky Map Clicking: Least Populous States A-Z
1-10 Letter F Words
1-10 Letter G Words
One Thing in Common: United Kingdom
Risky Map Clicking: Next State Alphabetically
Recently Updated
Leaping Animals
pecheneg
Reality TV Shows (A-Z)
bhenderson79
Rickey Henderson's Hall of Fame Teammates
pecheneg
Champions League XIs: Arsenal
pecheneg
Quick Pick: Celebrities in WWE's Hall of Fame
aduchscher
A-Z Keypad Blitz II
pecheneg
Multiple Oscar Actors
pecheneg
Mystery Phrase Blitz: Oscar 'Best Actors'
pecheneg
F. Scott Fitzgerald Novels
LTH
Pick 3 Villains
ddd62291
Trending Topics
Disney
Harry Potter
NBA
Anime
Marvel
Kpop
Crossword
Pokémon
NFL
Puzzle
Soccer
Country
Song
The Office
WWE
Your Account Isn't Verified!
In order to create a playlist on Sporcle, you need to verify the email address you used during registration. Go to your
Sporcle Settings
to finish the process.
Report this User
Report this user for behavior that violates our
Community Guidelines
.
Details:
Send Report
Go to the Sporcle.com Mobile Site →
Comments